Race problems in the new Afrca (Record no. 125)
[ view plain ]
| 000 -LEADER | |
|---|---|
| fixed length control field | 00572nam a2200205Ia 4500 |
| 003 - CONTROL NUMBER IDENTIFIER | |
| control field | 0100 |
| 008 - FIXED-LENGTH DATA ELEMENTS--GENERAL INFORMATION | |
| fixed length control field | 130227s9999 xx 000 0 und d |
| 040 ## - CATALOGING SOURCE | |
| Transcribing agency | ARRUPELIB |
| 050 ## - LIBRARY OF CONGRESS CALL NUMBER | |
| Classification number | DT16.B2W5 |
| 100 ## - MAIN ENTRY--PERSONAL NAME | |
| Personal name | Willoughby, William Charles |
| 9 (RLIN) | 31175 |
| 245 ## - TITLE STATEMENT | |
| Title | Race problems in the new Afrca |
| 245 ## - TITLE STATEMENT | |
| Remainder of title | A study of the relation of Bantu and Britons in those parts of Bantu Africa which are under British control |
| 260 ## - PUBLICATION, DISTRIBUTION, ETC. (IMPRINT) | |
| Name of publisher, distributor, etc | Clarendon Press |
| Place of publication, distribution, etc | Oxford |
| Date of publication, distribution, etc | 1927 |
| 300 ## - PHYSICAL DESCRIPTION | |
| Extent | 296p |
| 300 ## - PHYSICAL DESCRIPTION | |
| Other physical details | 21cm |
| 650 ## - SUBJECT ADDED ENTRY--TOPICAL TERM | |
| Topical term following geographic name as entry element | Bantus |
| 9 (RLIN) | 25845 |
| 650 ## - SUBJECT ADDED ENTRY--TOPICAL TERM | |
| Topical term following geographic name as entry element | Africa |
| General subdivision | Race question |
| 9 (RLIN) | 31176 |
| 942 ## - ADDED ENTRY ELEMENTS (KOHA) | |
| Source of classification or shelving scheme | Library of Congress Classification |
| Item type | Monograph ( Printed materials) |
| Withdrawn status | Lost status | Source of classification or shelving scheme | Damaged status | Not for loan | Collection code | Home library | Current library | Shelving location | Date acquired | Total Checkouts | Full call number | Barcode | Date last seen | Copy number | Price effective from | Koha item type |
|---|---|---|---|---|---|---|---|---|---|---|---|---|---|---|---|---|
| Library of Congress Classification | Main Collection | ARRUPE LIBRARY | ARRUPE LIBRARY | 27/02/2013 | DT16.B2W5 | 46400405 | 07/12/2017 | 1 | 27/02/2013 | Monograph ( Printed materials) |